000 00814nam a2200229Ia 4500
005 20250108124852.0
008 008 250107s9999 xx 000 0 hin d
020 _a978-81-925619-2-9
037 _aTB
040 _aCRL
_bhin
_cCRL
041 _ahin
_2hin
084 _aΔ2:3 152R2
084 _qCRL
100 _aकाम्बूसैनी, कर्ण सिंह, ले.
_9729986
245 0 _aदिल्ली सल्तनत काल एवं भारत
_cकाम्बूसैनी, कर्ण सिंह, ले.
260 _aरूड़की, भारत
_bवर्मा कम्प्यूटर्स
_c2504
300 _a80पृ0
365 _aINR
_b200
650 _aइतिहास
942 _cTB
_hΔ2:3 152R2
999 _c1234892
_d1234892